[Event "9. United Insurance 2009"]
[Site "Dahka BAN"]
[Date "2009.08.22"]
[Round "2.14"]
[White "Ahmed, Sk. Nasir"]
[Black "Karma, Pandya"]
[Result "1-0"]
[WhiteElo "2291"]
[BlackElo "2128"]
[PlyCount "65"]
[EventDate "2009.08.21"]
[EventType "swiss"]
[EventRounds "10"]
[EventCountry "BAN"]
[Source "lmi"]
[SourceDate "2009.08.21"]

1. e4 c5 2. Nf3 Nc6 3. d3 g6 4. g3 Bg7 5. Bg2 d6 6. c3 e5 7. O-O Nge7 8. a3 a5
9. a4 O-O 10. Na3 h6 11. Nb5 Be6 12. Re1 f5 13. exf5 Nxf5 14. d4 cxd4 15. Nfxd4
Nfxd4 16. cxd4 Bf7 17. dxe5 dxe5 18. Nd6 Nd4 19. Nxf7 Rxf7 20. Be3 Kh7 21. Be4
Qf6 22. Bxd4 exd4 23. Re2 Kh8 24. Qd3 Re7 25. Rae1 Ra6 26. Bd5 Rxe2 27. Rxe2
Rb6 28. Re8+ Bf8 29. b3 Kg7 30. Qc4 d3 31. Qc7+ Kh8 32. Rxf8+ Qxf8 33. Qxb6 1-0

[Event "9. United Insurance 2009"]
[Site "Dahka BAN"]
[Date "2009.08.22"]
[Round "2.15"]
[White "Shrestha, Keshav"]
[Black "Chatterjee, Debaraj"]
[Result "1/2-1/2"]
[WhiteElo "2134"]
[BlackElo "2281"]
[PlyCount "88"]
[EventDate "2009.08.21"]
[EventType "swiss"]
[EventRounds "10"]
[EventCountry "BAN"]
[Source "lmi"]
[SourceDate "2009.08.21"]

1. e4 c5 2. Nf3 d6 3. d4 cxd4 4. Nxd4 Nf6 5. Nc3 a6 6. Bg5 e6 7. f4 Nbd7 8. Qf3
Qc7 9. O-O-O b5 10. Bd3 Bb7 11. Rhe1 Qb6 12. Nde2 O-O-O 13. a3 Kb8 14. Kb1 Be7
15. Bh4 e5 16. Bf2 Qc6 17. g4 Nc5 18. Ng3 Rhe8 19. g5 Nfd7 20. Nd5 g6 21. Nxe7
Rxe7 22. f5 Nb6 23. Qe3 Rc7 24. Rd2 Nc4 25. Bxc4 bxc4 26. Red1 Rcd7 27. Re2 Qb5
28. Qc3 Bc6 29. Bxc5 Qxc5 30. Red2 Rb7 31. Ka1 Kc7 32. Rf1 Kb8 33. Rdf2 Qd4 34.
Qxd4 exd4 35. Rd1 d3 36. cxd3 Ba4 37. Rdd2 cxd3 38. Rxd3 Rc8 39. b4 a5 40. Rd4
Rc3 41. bxa5 Rxa3+ 42. Ra2 Rab3 43. Raxa4 Rb1+ 44. Ka2 R1b2+ 1/2-1/2

[Event "9. United Insurance 2009"]
[Site "Dahka BAN"]
[Date "2009.08.22"]
[Round "2.16"]
[White "Vinoth Kumar, M."]
[Black "Shamima, Akter Liza"]
[Result "1-0"]
[WhiteElo "2208"]
[BlackElo "2100"]
[PlyCount "78"]
[EventDate "2009.08.21"]
[EventType "swiss"]
[EventRounds "10"]
[EventCountry "BAN"]
[Source "lmi"]
[SourceDate "2009.08.21"]

1. e4 c5 2. d3 Nc6 3. g3 g6 4. Bg2 Bg7 5. Nh3 e5 6. O-O Nge7 7. f4 d6 8. c3 h6
9. f5 gxf5 10. Qh5 Ng8 11. exf5 Nf6 12. Qe2 Qe7 13. a3 Bd7 14. b4 d5 15. Nd2
Rd8 16. Nb3 b6 17. b5 Nb8 18. c4 Kf8 19. Bb2 d4 20. Nd2 Bc8 21. Rae1 Re8 22.
Qf3 Qc7 23. Bc1 Re7 24. Nf2 h5 25. Nde4 Bb7 26. Bg5 Nbd7 27. Qd1 Re8 28. Qd2
Nxe4 29. Nxe4 f6 30. Bh4 Bh6 31. Qd1 Be3+ 32. Kh1 Ke7 33. Bf3 Rh7 34. Bxh5
Bxe4+ 35. dxe4 Reh8 36. g4 Qd8 37. Bg3 Qg8 38. Qd3 Rh6 39. a4 Kd6 1-0

[Event "9. United Insurance 2009"]
[Site "Dahka BAN"]
[Date "2009.08.22"]
[Round "2.18"]
[White "Gaparkhoev, Islam"]
[Black "Abdullah, Al-Saif"]
[Result "1-0"]
[WhiteElo "2091"]
[BlackElo "2083"]
[PlyCount "85"]
[EventDate "2009.08.21"]
[EventType "swiss"]
[EventRounds "10"]
[EventCountry "BAN"]
[Source "lmi"]
[SourceDate "2009.08.21"]

1. c4 Nf6 2. Nc3 c6 3. e4 d6 4. d4 g6 5. g3 Bg7 6. Bg2 O-O 7. Nge2 Nbd7 8. O-O
Nb6 9. b3 Nh5 10. Be3 Qc7 11. Rc1 e5 12. f4 f5 13. c5 dxc5 14. dxe5 Rd8 15. Qc2
c4 16. Rfd1 Bf8 17. Rxd8 Qxd8 18. Rd1 Qc7 19. Nd4 Ng7 20. exf5 Bxf5 21. Ne4
Bxe4 22. Bxe4 cxb3 23. Qxb3+ Qf7 24. g4 Rd8 25. Qxf7+ Kxf7 26. Bc2 h5 27. h3
hxg4 28. hxg4 Nd5 29. Bb3 Ke8 30. Nc2 Ne6 31. Bxd5 cxd5 32. f5 gxf5 33. gxf5 d4
34. Nxd4 Nc7 35. Rc1 Nd5 36. Bg5 Be7 37. Bxe7 Nxe7 38. Ne6 Rd2 39. f6 Nc6 40.
Re1 Rxa2 41. Ng5 Ra5 42. f7+ Kf8 43. Rf1 1-0

[Event "9. United Insurance 2009"]
[Site "Dahka BAN"]
[Date "2009.08.22"]
[Round "2.19"]
[White "Ikramul, Haque Siam"]
[Black "Bhuiyan, Golam Mostafa"]
[Result "1/2-1/2"]
[WhiteElo "1984"]
[BlackElo "2177"]
[PlyCount "128"]
[EventDate "2009.08.21"]
[EventType "swiss"]
[EventRounds "10"]
[EventCountry "BAN"]
[Source "lmi"]
[SourceDate "2009.08.21"]

1. e4 c5 2. Nf3 Nc6 3. d4 cxd4 4. Nxd4 d6 5. Nc3 g6 6. Be3 Bg7 7. Qd2 Nf6 8. f3
h5 9. O-O-O Bd7 10. Bc4 a6 11. Bb3 Rc8 12. Kb1 Ne5 13. Bg5 b5 14. Nd5 Nxd5 15.
exd5 Nc4 16. Qf2 O-O 17. f4 Bxd4 18. Qxd4 f6 19. Bh4 a5 20. a4 Bf5 21. Bf2 Qc7
22. axb5 a4 23. Bxc4 Qxc4 24. Qxc4 Rxc4 25. Rd2 Rfc8 26. Rc1 Rb4 27. Ka2 Rxb5
28. c4 Rb4 29. Rd4 Rcb8 30. Rd2 R8b7 31. Rc3 e6 32. g3 exd5 33. cxd5 Be4 34.
Ka3 f5 35. Rc6 Rb3+ 36. Kxa4 R3b4+ 37. Ka3 R4b5 38. Ra6 Bxd5 39. b4 Rxb4 40.
Rxd5 Rb3+ 41. Ka4 Rb2 42. Ra8+ Kf7 43. Ka3 Rxf2 44. Rxd6 Rf1 45. Rd2 Ra1+ 46.
Ra2 Rab1 47. Ra6 h4 48. gxh4 R1b3+ 49. Ka4 R3b4+ 50. Ka3 Rxf4 51. Rg2 Rf1 52.
Ka2 Rbb1 53. Raxg6 Ra1+ 54. Kb2 Rfb1+ 55. Kc2 Rc1+ 56. Kd2 Rd1+ 57. Ke3 Ra3+
58. Kf4 Ra4+ 59. Kg5 Rdd4 60. Rf6+ Kg7 61. Kxf5+ Kh7 62. Rf7+ Kh8 63. Rf8+ Kh7
64. Rf7+ Kh8 1/2-1/2

[Event "9. United Insurance 2009"]
[Site "Dahka BAN"]
[Date "2009.08.23"]
[Round "3.1"]
[White "Mchedlishvili, Mikheil"]
[Black "Barua, Dibyendu"]
[Result "1/2-1/2"]
[WhiteElo "2592"]
[BlackElo "2473"]
[PlyCount "68"]
[EventDate "2009.08.21"]
[EventType "swiss"]
[EventRounds "10"]
[EventCountry "BAN"]
[Source "lmi"]
[SourceDate "2009.08.21"]

1. d4 d5 2. c4 e6 3. Nf3 c6 4. Qc2 Nf6 5. Bg5 Nbd7 6. e3 Qa5+ 7. Nbd2 Ne4 8.
Bh4 f5 9. Be2 Ndf6 10. O-O Bd6 11. c5 Bb8 12. Nxe4 Nxe4 13. Rab1 Qc7 14. Ne5
O-O 15. f3 g5 16. Be1 Nf6 17. g4 Qg7 18. h3 f4 19. exf4 gxf4 20. Bc3 Nd7 21.
Nxd7 Bxd7 22. Bd3 Bc7 23. Rfe1 b5 24. b3 b4 25. Bb2 a5 26. Re2 Rf6 27. Rbe1 Rh6
28. Kh2 Qg5 29. Re5 Qh4 30. Qg2 Bxe5 31. Rxe5 a4 32. Bc2 axb3 33. Bxb3 Rf8 34.
Bc2 Rhf6 1/2-1/2

[Event "9. United Insurance 2009"]
[Site "Dahka BAN"]
[Date "2009.08.23"]
[Round "3.3"]
[White "Lahiri, Atanu"]
[Black "Reefat, Bin-Sattar"]
[Result "0-1"]
[WhiteElo "2361"]
[BlackElo "2486"]
[PlyCount "60"]
[EventDate "2009.08.21"]
[EventType "swiss"]
[EventRounds "10"]
[EventCountry "BAN"]
[Source "lmi"]
[SourceDate "2009.08.21"]

1. d4 c5 2. d5 e5 3. c4 d6 4. Nc3 Nf6 5. e4 Be7 6. g3 g6 7. Bg2 h5 8. h4 Na6 9.
a3 Rb8 10. Bd2 Bd7 11. Nge2 Nc7 12. b4 b5 13. cxb5 Bxb5 14. Nxb5 Nxb5 15. a4
Nd4 16. Nxd4 exd4 17. bxc5 dxc5 18. O-O O-O 19. Qf3 Ng4 20. Bf4 Bd6 21. Bh3 Ne5
22. Bxe5 Bxe5 23. Qd3 Rb4 24. Rac1 Qb6 25. Bd7 a6 26. Rc2 Rb3 27. Qc4 d3 28.
Rd2 Rc3 29. Qa2 c4 30. Bh3 Bxg3 0-1

[Event "9. United Insurance 2009"]
[Site "Dahka BAN"]
[Date "2009.08.23"]
[Round "3.4"]
[White "Rahman, Md. Taibur"]
[Black "Gagunashvili, Merab"]
[Result "0-1"]
[WhiteElo "2316"]
[BlackElo "2574"]
[PlyCount "112"]
[EventDate "2009.08.21"]
[EventType "swiss"]
[EventRounds "10"]
[EventCountry "BAN"]
[Source "lmi"]
[SourceDate "2009.08.21"]

1. d4 d6 2. Nf3 g6 3. c4 Bg7 4. Nc3 Bg4 5. e3 Nf6 6. Be2 O-O 7. h3 Bf5 8. O-O
Re8 9. Bd3 Bxd3 10. Qxd3 c5 11. b3 cxd4 12. Nxd4 Nc6 13. Bb2 Rc8 14. Rfd1 a6
15. Nxc6 Rxc6 16. Nd5 Nxd5 17. cxd5 Bxb2 18. dxc6 Bxa1 19. Rxa1 bxc6 20. Qxa6
c5 21. b4 cxb4 22. Rb1 Qa8 23. Qxa8 Rxa8 24. Rxb4 Rxa2 25. Rb7 Kf8 26. h4 d5
27. Rd7 e6 28. g3 Kg7 29. Kg2 h5 30. Kf3 Kf6 31. Kg2 Rd2 32. Kf1 Rb2 33. Kg2
Rb5 34. Kf3 e5 35. Ra7 Rb3 36. Ke2 Rb6 37. Rd7 Ke6 38. Ra7 Rd6 39. Kd3 Rd7 40.
Ra6+ Kf5 41. Ra4 e4+ 42. Ke2 Kg4 43. Ra6 Kh3 44. Rf6 Kg2 45. Ke1 Rb7 46. Ke2
Re7 47. Ke1 d4 48. exd4 e3 49. f4 Kf3 50. f5 g5 51. Ra6 Rb7 52. Ra1 gxh4 53.
gxh4 Rb2 54. Kf1 Rh2 55. Kg1 Rxh4 56. Ra3 Rxd4 0-1

[Event "9. United Insurance 2009"]
[Site "Dahka BAN"]
[Date "2009.08.23"]
[Round "3.5"]
[White "Bakre, Tejas"]
[Black "Hossain, Enamul"]
[Result "1/2-1/2"]
[WhiteElo "2453"]
[BlackElo "2531"]
[PlyCount "47"]
[EventDate "2009.08.21"]
[EventType "swiss"]
[EventRounds "10"]
[EventCountry "BAN"]
[Source "lmi"]
[SourceDate "2009.08.21"]

1. c4 c5 2. Nc3 Nc6 3. Nf3 e5 4. g3 g6 5. Bg2 Bg7 6. O-O Nge7 7. a3 a5 8. Ne1
O-O 9. Rb1 d6 10. Nc2 Be6 11. Nd5 Rb8 12. b4 axb4 13. axb4 cxb4 14. Ncxb4 Nxb4
15. Rxb4 Nxd5 16. cxd5 Bd7 17. Bb2 b5 18. Qb3 Qb6 19. Rb1 Rfc8 20. e3 Rc5 21.
Bf1 Bf5 22. d4 Bxb1 23. dxc5 Qxc5 24. Rxb5 1/2-1/2

[Event "9. United Insurance 2009"]
[Site "Dahka BAN"]
[Date "2009.08.23"]
[Round "3.6"]
[White "Ismagambetov, Anuar"]
[Black "Bitan, Banerjee"]
[Result "1/2-1/2"]
[WhiteElo "2531"]
[BlackElo "2306"]
[PlyCount "76"]
[EventDate "2009.08.21"]
[EventType "swiss"]
[EventRounds "10"]
[EventCountry "BAN"]
[Source "lmi"]
[SourceDate "2009.08.21"]

1. e4 e6 2. d4 d5 3. Nd2 Nf6 4. e5 Nfd7 5. Bd3 c5 6. c3 Nc6 7. Ne2 cxd4 8. cxd4
f6 9. exf6 Nxf6 10. Nf3 Qc7 11. O-O Bd6 12. Bg5 O-O 13. Qc2 h6 14. Bh4 Nh5 15.
Bh7+ Kh8 16. Bg6 Rxf3 17. Bxh5 Bxh2+ 18. Kh1 Rf5 19. Bg6 Bd6 20. Bxf5 exf5 21.
Qd3 Qf7 22. Bg3 f4 23. Bh2 Bf5 24. Qd2 g5 25. f3 Kg7 26. a3 Ne7 27. g3 Bh3 28.
Rf2 Rf8 29. Re1 Ng6 30. gxf4 gxf4 31. Nc1 Nh4 32. Nd3 Kh8 33. Ne5 Qh5 34. Qa5
Nf5 35. Rg1 Ng3+ 36. Bxg3 fxg3 37. Rxg3 Bxe5 38. dxe5 Qh4 1/2-1/2

[Event "9. United Insurance 2009"]
[Site "Dahka BAN"]
[Date "2009.08.23"]
[Round "3.7"]
[White "Khusnutdinov, Rustam"]
[Black "Hasan, Mehdi"]
[Result "1-0"]
[WhiteElo "2506"]
[BlackElo "2236"]
[PlyCount "99"]
[EventDate "2009.08.21"]
[EventType "swiss"]
[EventRounds "10"]
[EventCountry "BAN"]
[Source "lmi"]
[SourceDate "2009.08.21"]

1. e4 c5 2. Nf3 e6 3. d4 cxd4 4. Nxd4 a6 5. Bd3 Bc5 6. Nb3 Ba7 7. Nc3 Nc6 8.
Qe2 d6 9. Be3 Nf6 10. O-O-O b5 11. Bxa7 Rxa7 12. g4 O-O 13. g5 Nd7 14. h4 Nb4
15. f4 Rc7 16. a3 Nc6 17. Qf2 Qe7 18. Nd4 Bb7 19. Rhe1 Nxd4 20. Qxd4 e5 21. Nd5
Bxd5 22. exd5 Qxg5 23. hxg5 exd4 24. Re7 g6 25. a4 Rfc8 26. axb5 axb5 27. Kb1
b4 28. Bb5 Nc5 29. Rxc7 Rxc7 30. Rxd4 b3 31. Bc4 bxc2+ 32. Kxc2 Rb7 33. Ba2 f6
34. b4 Nd7 35. gxf6 Kf7 36. Kc3 Kxf6 37. Re4 Kf7 38. Re6 Rb6 39. Bc4 Nf6 40. b5
Nd7 41. Kb4 Nc5 42. Rxd6 Rxd6 43. Kxc5 Ke7 44. b6 Rd8 45. b7 Kd7 46. d6 Rf8 47.
Bb5+ Ke6 48. Kc6 h5 49. Bc4+ Kf6 50. Kc7 1-0

[Event "9. United Insurance 2009"]
[Site "Dahka BAN"]
[Date "2009.08.23"]
[Round "3.8"]
[White "Abdulla, A."]
[Black "Ahmed, Sk. Nasir"]
[Result "1-0"]
[WhiteElo "2320"]
[BlackElo "2291"]
[PlyCount "51"]
[EventDate "2009.08.21"]
[EventType "swiss"]
[EventRounds "10"]
[EventCountry "BAN"]
[Source "lmi"]
[SourceDate "2009.08.21"]

1. d4 Nf6 2. Nf3 e6 3. Bg5 b6 4. e4 h6 5. Bxf6 Qxf6 6. c3 Bb7 7. Nbd2 g5 8. Bd3
Bg7 9. e5 Qe7 10. Be4 Nc6 11. O-O O-O-O 12. b4 f6 13. b5 Na5 14. Qe2 fxe5 15.
Nxe5 Bxe5 16. dxe5 Rhf8 17. Nb3 Qa3 18. g3 Bxe4 19. Qxe4 Kb8 20. Rfc1 Rf7 21.
Nxa5 Qxa5 22. a4 Rdf8 23. Rc2 Rf3 24. Qc4 R8f7 25. Rd1 R3f5 26. Rcd2 1-0

[Event "9. United Insurance 2009"]
[Site "Dahka BAN"]
[Date "2009.08.23"]
[Round "3.9"]
[White "Abu Sufian, Shakil"]
[Black "Vinoth Kumar, M."]
[Result "1-0"]
[WhiteElo "2372"]
[BlackElo "2208"]
[PlyCount "55"]
[EventDate "2009.08.21"]
[EventType "swiss"]
[EventRounds "10"]
[EventCountry "BAN"]
[Source "lmi"]
[SourceDate "2009.08.21"]

1. e4 e6 2. d4 d5 3. Nc3 Bb4 4. e5 b6 5. a3 Bf8 6. f4 Ne7 7. Be3 Nf5 8. Bf2 h5
9. Nf3 g6 10. Bd3 Ba6 11. Bxa6 Nxa6 12. Qd3 Nb8 13. Ne2 Nd7 14. c4 c6 15. cxd5
cxd5 16. O-O Bh6 17. Rac1 O-O 18. h3 Bg7 19. g4 hxg4 20. hxg4 Nh6 21. Bh4 Qe8
22. Nh2 a6 23. Qh3 f5 24. exf6 Bh8 25. Nf3 Ra7 26. Ne5 Nb8 27. Bg5 Nf7 28. Nxg6
1-0

[Event "9. United Insurance 2009"]
[Site "Dahka BAN"]
[Date "2009.08.23"]
[Round "3.10"]
[White "Mohammad, Javed"]
[Black "Sareen, Vishal"]
[Result "1/2-1/2"]
[WhiteElo "2204"]
[BlackElo "2369"]
[PlyCount "86"]
[EventDate "2009.08.21"]
[EventType "swiss"]
[EventRounds "10"]
[EventCountry "BAN"]
[Source "lmi"]
[SourceDate "2009.08.21"]

1. e4 e5 2. Nf3 Nc6 3. Bb5 a6 4. Ba4 Nf6 5. O-O Bc5 6. c3 b5 7. Bb3 d6 8. d4
Bb6 9. a4 Rb8 10. axb5 axb5 11. Qd3 O-O 12. Bg5 Qe7 13. Qxb5 Bd7 14. Bxf6 gxf6
15. Qd3 exd4 16. cxd4 Nxd4 17. Nxd4 Bxd4 18. Bxf7+ Rxf7 19. Qxd4 Qe5 20. Qe3
Rxb2 21. Ra8+ Rf8 22. Rxf8+ Kxf8 23. Nc3 Qg5 24. Nd5 Bb5 25. Nf4 Bc4 26. Rc1
Bf7 27. Rxc7 Rb1+ 28. Rc1 Rxc1+ 29. Qxc1 Qe5 30. f3 Qd4+ 31. Kh1 Kg7 32. h3 Qe5
33. Ne2 d5 34. Qf4 Qxf4 35. Nxf4 dxe4 36. fxe4 Be8 37. Ne2 Bc6 38. Nc3 Kf7 39.
g4 Ke6 40. Kg2 Ke5 41. Kf3 Bb7 42. Ke3 Bc6 43. h4 Bb7 1/2-1/2

[Event "9. United Insurance 2009"]
[Site "Dahka BAN"]
[Date "2009.08.23"]
[Round "3.11"]
[White "Praveen Kumar, C."]
[Black "Gaparkhoev, Islam"]
[Result "1-0"]
[WhiteElo "2363"]
[BlackElo "2091"]
[PlyCount "75"]
[EventDate "2009.08.21"]
[EventType "swiss"]
[EventRounds "10"]
[EventCountry "BAN"]
[Source "lmi"]
[SourceDate "2009.08.21"]

1. d4 Nf6 2. c4 d6 3. Nc3 Nbd7 4. e4 e5 5. d5 c6 6. Bd3 Be7 7. Nge2 O-O 8. O-O
Nc5 9. Bc2 a5 10. f3 Ne8 11. Be3 Bg5 12. Qd2 Bxe3+ 13. Qxe3 Qb6 14. b3 Na4 15.
Qxb6 Nxb6 16. dxc6 bxc6 17. f4 f6 18. f5 Bb7 19. Rfd1 Rf7 20. Rd2 Rd7 21. Rad1
Rad8 22. Ng3 Kf8 23. Nf1 Ke7 24. Ne3 Nc7 25. a3 Na6 26. Kf2 Ba8 27. g4 Rb8 28.
h4 Nc5 29. b4 axb4 30. axb4 Na6 31. Rb1 Nc7 32. Na4 Nxa4 33. Bxa4 Na6 34. Rdb2
Ra7 35. Bc2 Rab7 36. b5 Nc7 37. b6 Na6 38. Ra2 1-0

[Event "9. United Insurance 2009"]
[Site "Dahka BAN"]
[Date "2009.08.23"]
[Round "3.14"]
[White "Tandukar, Naveen"]
[Black "Bousmaha, Abderrahmane"]
[Result "0-1"]
[WhiteElo "2133"]
[BlackElo "2083"]
[PlyCount "78"]
[EventDate "2009.08.21"]
[EventType "swiss"]
[EventRounds "10"]
[EventCountry "BAN"]
[Source "lmi"]
[SourceDate "2009.08.21"]

1. e4 c5 2. Nf3 d6 3. d4 cxd4 4. Nxd4 Nf6 5. Nc3 a6 6. Bg5 Nbd7 7. f4 h6 8. Bh4
e6 9. Qf3 Be7 10. O-O-O Qc7 11. Be2 b5 12. a3 Bb7 13. Rhe1 Rg8 14. Bg3 Nb6 15.
Kb1 Nc4 16. Bd3 Rc8 17. Bxc4 Qxc4 18. Nb3 Qc7 19. Rd3 d5 20. exd5 Nxd5 21. Qd1
Nxf4 22. Rd4 g5 23. Ne4 Rd8 24. Nbc5 Bxe4 25. Nxe4 e5 26. Rd2 Rg6 27. Re3 Rc6
28. Nc3 Rxd2 29. Qxd2 Rd6 30. Qf2 Re6 31. Qf3 Bc5 32. Re1 Bd4 33. Nd1 Ke7 34.
Bf2 Qd6 35. g3 Qd5 36. Qg4 Ng6 37. Ne3 Bxe3 38. Bxe3 e4 39. Qh5 Ne5 0-1

[Event "9. United Insurance 2009"]
[Site "Dahka BAN"]
[Date "2009.08.23"]
[Round "3.15"]
[White "Chatterjee, Debaraj"]
[Black "Ikramul, Haque Siam"]
[Result "1-0"]
[WhiteElo "2281"]
[BlackElo "1984"]
[PlyCount "59"]
[EventDate "2009.08.21"]
[EventType "swiss"]
[EventRounds "10"]
[EventCountry "BAN"]
[Source "lmi"]
[SourceDate "2009.08.21"]

1. d4 d5 2. c4 c6 3. Nf3 Nf6 4. Nc3 dxc4 5. a4 Bf5 6. e3 e6 7. Bxc4 Bb4 8. O-O
Nbd7 9. Qe2 Bg6 10. Ne5 Bh5 11. f3 Bd6 12. g4 Bg6 13. f4 Ne4 14. Nxf7 Bxf7 15.
Nxe4 Nb6 16. Ng5 Qd7 17. Nxf7 Qxf7 18. Bb3 g6 19. e4 O-O-O 20. a5 Na8 21. Be3
a6 22. e5 Bb8 23. Kh1 Qd7 24. f5 gxf5 25. gxf5 exf5 26. e6 Qe8 27. Rxf5 Nc7 28.
Bg5 Rd5 29. Bxd5 Nxd5 30. Rxd5 1-0

[Event "9. United Insurance 2009"]
[Site "Dahka BAN"]
[Date "2009.08.23"]
[Round "3.16"]
[White "Bhuiyan, Golam Mostafa"]
[Black "Shrestha, Keshav"]
[Result "0-1"]
[WhiteElo "2177"]
[BlackElo "2134"]
[PlyCount "148"]
[EventDate "2009.08.21"]
[EventType "swiss"]
[EventRounds "10"]
[EventCountry "BAN"]
[Source "lmi"]
[SourceDate "2009.08.21"]

1. d4 d5 2. c4 c6 3. Nc3 Nf6 4. Nf3 e6 5. Bg5 Nbd7 6. e3 Bd6 7. Qc2 h6 8. Bh4
a6 9. a3 O-O 10. Bd3 dxc4 11. Bxc4 b5 12. Bd3 Bb7 13. e4 e5 14. O-O exd4 15.
Nxd4 Nc5 16. Be2 Be5 17. Nf5 Ne6 18. Rad1 Qc7 19. Bg3 Rad8 20. Rc1 Bxg3 21.
fxg3 Qe5 22. Kh1 Ng5 23. Rf4 c5 24. Bf3 Rfe8 25. Re1 Ne6 26. Rh4 Nd4 27. Nxd4
Rxd4 28. Re2 g5 29. Rxh6 Kg7 30. Rxf6 Kxf6 31. h3 Kg7 32. Kh2 c4 33. Rf2 Rd3
34. Nd5 Bxd5 35. exd5 g4 36. Re2 Qb8 37. Rxe8 Qxe8 38. Bxg4 Qe3 39. Bf3 Kf6 40.
Qb1 Qf2 41. Bg4 Qxg3+ 42. Kg1 Qe3+ 43. Kh1 Rxd5 44. Qh7 Qc1+ 45. Kh2 Qf4+ 46.
Kg1 Re5 47. Qh8+ Ke7 48. Qh4+ Qg5 49. Qxg5+ Rxg5 50. Kf2 Rd5 51. Ke2 Rd3 52.
Bc8 a5 53. Ba6 Rb3 54. Kd1 Rxb2 55. Kc1 c3 56. g4 b4 57. axb4 axb4 58. g5 Rh2
59. Bc4 Rxh3 60. Kc2 Rg3 61. Kb3 Rxg5 62. Bd3 Rg4 63. Bf5 Rd4 64. Bh7 Kd6 65.
Bg8 f5 66. Bh7 f4 67. Bf5 f3 68. Bh3 f2 69. Bg2 Kc5 70. Bh3 Rd2 71. Bf1 Rb2+
72. Ka4 c2 73. Bd3 c1=Q 74. Be4 Qa1# 0-1

[Event "9. United Insurance 2009"]
[Site "Dahka BAN"]
[Date "2009.08.23"]
[Round "3.17"]
[White "Karma, Pandya"]
[Black "Nepali, Badrilal"]
[Result "1/2-1/2"]
[WhiteElo "2128"]
[BlackElo "2162"]
[PlyCount "139"]
[EventDate "2009.08.21"]
[EventType "swiss"]
[EventRounds "10"]
[EventCountry "BAN"]
[Source "lmi"]
[SourceDate "2009.08.21"]

1. e4 c5 2. Nf3 d6 3. d4 cxd4 4. Nxd4 Nf6 5. Nc3 a6 6. Bc4 e6 7. Bb3 Nbd7 8.
Bg5 Nc5 9. f4 Be7 10. Qf3 Qc7 11. O-O O-O 12. Rae1 Nxb3 13. Nxb3 b5 14. e5 Bb7
15. exf6 Bxf3 16. fxe7 Rfe8 17. Rxf3 f6 18. Bh4 Rxe7 19. Rfe3 Rae8 20. Nd4 Qc5
21. Nb3 Qh5 22. Bf2 d5 23. Rh3 Qf5 24. Bc5 Rc7 25. Bd6 Rc4 26. Rd3 Rd8 27. Be7
Rd7 28. Bc5 b4 29. Ne2 Rxc2 30. Re3 Qg4 31. Bxb4 Rxb2 32. Rg3 Qxe2 33. Rxe2
Rxe2 34. a3 e5 35. fxe5 fxe5 36. Nc5 Rc7 37. Kf1 Ra2 38. Rf3 a5 39. Nd7 h5 40.
Rf8+ Kh7 41. Rf7 Rc1+ 42. Be1 Raa1 43. Re7 Rxe1+ 44. Kf2 Rf1+ 45. Kg3 Rxa3+ 46.
Kh4 Kh6 47. Re6+ g6 48. Nxe5 Ra4+ 49. g4 Rxg4+ 50. Nxg4+ hxg4 51. Rd6 Rf2 52.
Rxd5 Rxh2+ 53. Kxg4 Ra2 54. Kh4 a4 55. Ra5 a3 56. Kg3 Ra1 57. Kg2 g5 58. Kg3
Kh5 59. Kh3 a2 60. Kh2 Kh4 61. Ra4+ g4 62. Kg2 Kg5 63. Ra5+ Kf4 64. Ra4+ Ke3
65. Ra3+ Kd2 66. Ra8 g3 67. Rd8+ Kc3 68. Rc8+ Kb3 69. Rb8+ Ka4 70. Ra8+ 1/2-1/2

[Event "9. United Insurance 2009"]
[Site "Dahka BAN"]
[Date "2009.08.23"]
[Round "3.18"]
[White "Abdullah, Al-Saif"]
[Black "Md, Jamal Uddin"]
[Result "0-1"]
[WhiteElo "2083"]
[BlackElo "2138"]
[PlyCount "85"]
[EventDate "2009.08.21"]
[EventType "swiss"]
[EventRounds "10"]
[EventCountry "BAN"]
[Source "lmi"]
[SourceDate "2009.08.21"]

1. e4 c5 2. Nf3 a6 3. d4 cxd4 4. Nxd4 e6 5. c4 Qc7 6. Nc3 Nf6 7. Nc2 b6 8. Bd3
Bb7 9. O-O d6 10. f4 Nbd7 11. Qe2 Nc5 12. b3 Be7 13. Bb2 h5 14. Rad1 Bc6 15.
Nd4 Nxd3 16. Qxd3 Bb7 17. Nf3 Ng4 18. Ba3 Rd8 19. h3 Nf6 20. f5 exf5 21. exf5
O-O 22. Ng5 Rfe8 23. Rd2 Bf8 24. Rfd1 Rd7 25. Qg3 Re5 26. Rf1 Rd8 27. Bb2 Qc5+
28. Kh2 Re3 29. Qf2 d5 30. Na4 Qc7+ 31. Kg1 Rg3 32. Nf3 Ne4 33. Be5 Bd6 34.
Bxd6 Rxd6 35. Qe1 dxc4 36. Re2 Rxf3 37. gxf3 Nc5 38. Nxc5 Qxc5+ 39. Qf2 Qxf5
40. bxc4 Qxh3 41. Re8+ Kh7 42. Qc2+ Rg6+ 43. Kf2 0-1

[Event "9. United Insurance 2009"]
[Site "Dahka BAN"]
[Date "2009.08.23"]
[Round "4.1"]
[White "Reefat, Bin-Sattar"]
[Black "Mchedlishvili, Mikheil"]
[Result "1/2-1/2"]
[WhiteElo "2486"]
[BlackElo "2592"]
[PlyCount "40"]
[EventDate "2009.08.21"]
[EventType "swiss"]
[EventRounds "10"]
[EventCountry "BAN"]
[Source "lmi"]
[SourceDate "2009.08.21"]

1. e4 c5 2. Nf3 d6 3. d4 cxd4 4. Nxd4 Nf6 5. Nc3 Nc6 6. Bg5 e6 7. Qd2 Qb6 8.
O-O-O Nxd4 9. Qxd4 Qxd4 10. Rxd4 a6 11. f3 Be7 12. Bxf6 gxf6 13. Na4 Bd7 14.
Nb6 Rd8 15. Nxd7 Rxd7 16. f4 Bd8 17. Be2 Rg8 18. Bf3 Bb6 19. Rd3 Ke7 20. c3 Bc5
1/2-1/2

[Event "9. United Insurance 2009"]
[Site "Dahka BAN"]
[Date "2009.08.23"]
[Round "4.2"]
[White "Gagunashvili, Merab"]
[Black "Neelotpal, Das"]
[Result "1/2-1/2"]
[WhiteElo "2574"]
[BlackElo "2474"]
[PlyCount "43"]
[EventDate "2009.08.21"]
[EventType "swiss"]
[EventRounds "10"]
[EventCountry "BAN"]
[Source "lmi"]
[SourceDate "2009.08.21"]

1. d4 d5 2. c4 c6 3. Nf3 Nf6 4. e3 Bf5 5. Nc3 e6 6. Bd3 Bg6 7. O-O Nbd7 8. Qe2
Be7 9. b3 O-O 10. Bb2 Qa5 11. a3 Rad8 12. Bxg6 hxg6 13. e4 dxe4 14. Nxe4 Nxe4
15. Qxe4 Qf5 16. Qxf5 gxf5 17. Rad1 Nf6 18. Ne5 Bd6 19. Nf3 Rd7 20. Rd3 Rfd8
21. Rfd1 Bc7 22. Kf1 1/2-1/2

[Event "9. United Insurance 2009"]
[Site "Dahka BAN"]
[Date "2009.08.23"]
[Round "4.4"]
[White "Barua, Dibyendu"]
[Black "Abdulla, A."]
[Result "1-0"]
[WhiteElo "2473"]
[BlackElo "2320"]
[PlyCount "51"]
[EventDate "2009.08.21"]
[EventType "swiss"]
[EventRounds "10"]
[EventCountry "BAN"]
[Source "lmi"]
[SourceDate "2009.08.21"]

1. e4 e5 2. Bc4 Nf6 3. d3 c6 4. Nf3 Be7 5. O-O d6 6. Re1 O-O 7. Nbd2 Nbd7 8. c3
Qc7 9. Bb3 Nc5 10. Bc2 Ne6 11. Nf1 Re8 12. Ng3 g6 13. d4 Bf8 14. h3 Bd7 15. Be3
Bg7 16. Qd2 Rad8 17. Bh6 Bc8 18. Bb3 Nd7 19. d5 cxd5 20. exd5 Bxh6 21. Qxh6 Nf4
22. Ne4 f6 23. Nd4 Re7 24. Nb5 Qb6 25. Nbxd6 Kh8 26. Rad1 1-0

[Event "9. United Insurance 2009"]
[Site "Dahka BAN"]
[Date "2009.08.23"]
[Round "4.5"]
[White "Hossain, Enamul"]
[Black "Praveen Kumar, C."]
[Result "1-0"]
[WhiteElo "2531"]
[BlackElo "2363"]
[PlyCount "81"]
[EventDate "2009.08.21"]
[EventType "swiss"]
[EventRounds "10"]
[EventCountry "BAN"]
[Source "lmi"]
[SourceDate "2009.08.21"]

1. e4 e6 2. d4 d5 3. Nc3 Bb4 4. e5 c5 5. a3 Bxc3+ 6. bxc3 Ne7 7. Qg4 O-O 8. Bd3
f5 9. exf6 Rxf6 10. Bg5 Rf7 11. Qh5 g6 12. Qd1 Nbc6 13. Nf3 Qf8 14. O-O c4 15.
Be2 h6 16. Bc1 Qg7 17. a4 Bd7 18. Ba3 g5 19. Ne1 Ng6 20. Bh5 Re8 21. Nf3 Kh7
22. Bd6 Rg8 23. Rb1 Bc8 24. Re1 g4 25. Bxg6+ Qxg6 26. Ne5 Nxe5 27. Bxe5 Rf5 28.
Rb5 b6 29. a5 Bd7 30. Rb1 b5 31. a6 h5 32. g3 Qf7 33. Qd2 Rf8 34. Re2 Qe7 35.
Kg2 Be8 36. Rh1 Bg6 37. h3 gxh3+ 38. Rxh3 Qg5 39. f4 Qd8 40. g4 R5f7 41. f5 1-0